I Premi Hugo 1969-1971 : Volume quarto

Պահպանված է:
Մատենագիտական մանրամասներ
Հիմնական հեղինակ: Asimov, Isaac
Ձևաչափ: Գիրք
Լեզու:Undetermined
Հրապարակվել է: L'Unità
Ցուցիչներ: Ավելացրեք ցուցիչ
Չկան պիտակներ, Եղեք առաջինը, ով նշում է այս գրառումը!

MARC

LEADER 00000nam a2200000Ia 4500
001 R-1881
003 CODICE-MESSINA
005 20260212114412.0
008 260211s9999 xx 000 0 und d
040 |c importazione_messina 
100 |a Asimov, Isaac 
245 0 |a I Premi Hugo 1969-1971 : 
245 0 |b Volume quarto 
260 |b L'Unità 
942 |2 ddc  |c BK 
952 |0 0  |1 0  |2 ddc  |4 0  |6 SCAFFALE_19_000000000000000__STANZA_2__ROMANZI  |7 0  |9 32722  |a ME  |b ME  |d 2026-02-11  |l 0  |o SCAFFALE 19 - STANZA 2 - ROMANZI  |p R-1881  |r 2026-02-11 23:53:21  |w 2026-02-11  |x [REVISIONARE]  |y BK 
999 |c 28389  |d 28389